000 00378nam a22001337a 4500
082 _a940.453
_bKEY
100 _aKeyes Roger
_949288
245 _aThe naval memoirs of sir Roger Keyes
_cKeyes Roger
260 _aLondon
_bThornton butterworth ltd
_c1910
300 _a538p.:
_bill,;
_c20 cm.
526 _a0
_b0
_c0
_d940_453000000000000_KEY
650 _aMCE
_9379
942 _2ddc
_cBK
999 _c552077
_d552077